00589nam a2200169Ia 4500008004100000041000800041082001300049100001600062245006600078260001900144300000800163365001600171700001600187906003100203999001900234952016600253230718s9999 xx 000 0 und d aeng a004bKUL aKulkarni V. aTheory Of ComputationbSemester I-T.E. Information Technology c2005bTech Max a320 cRs.b285.00 aKulkarni V. dB:515/14.08.2005cCOMPb57 c311021d311021 01104070aCCEPbCCEPd2005-09-19eGoels Computer HutfCOMPg228.00i515/14.09.2005o004pCCEP-BK-22228r2023-07-18 00:00:00t57v285.00w2005-09-14yBKz022228